Carriere de joueur #3 - Statistiques

Statistiques générales
  • Ce quiz a été pris 104 fois
  • Le résultat moyen est 6 sur 14
Statistiques - réponses
Club Club Club Club Club Club Réponse % Correct
Grenoble Foot 38 🇫🇷 (2010-2011) SC Bastia 🇫🇷(2011-2013) Olympique de Marseille 🇫🇷(2013-2015) Newcastle United 🏴󠁧󠁢󠁥󠁮󠁧󠁿(2015-2016) Olympique de Marseille 🇫🇷(2016-2021) Tigres UANL 🇲🇽(2021-2022) Florian Thauvin
90%
SC Eendracht Alost 🇧🇪 (2005-2006) AGOVV Apeldoorn 🇳🇱(2006-2009) FC Utrecht 🇳🇱 (2009-2011) PSV Eindhoven 🇳🇱(2011-2013) SSC Naples 🇮🇹(2013-2022) Galatasaray SK 🇹🇷 (2022) Dries Mertens
68%
Borussia Dortmund 🇩🇪(2016-2019) Chelsea FC 🏴󠁧󠁢󠁥󠁮󠁧󠁿(2019-2022) Christian Pulisic
64%
Botafogo FR 🇧🇷 (2019-2020) Olympique de Marseille 🇫🇷(2020-2022) Botafogo FR 🇧🇷(2022 en prêt) Luis Henrique
61%
Slovan Bratislava 🇸🇰 (2004) Brescia Calcio 🇮🇹(2004-2007) SSC Naples 🇮🇹(2007-2019) Dalian Yifang 🇨🇳 (2019-2021) IFK Göteborg 🇸🇪(2021) Trabzonspor 🇹🇷(2021-2022) Marek Hamsik
61%
FC Winterthour 🇨🇭(2014-2015) FC Bâle 🇨🇭(2015-2018) Borussia Dortmund 🇩🇪(2018-2022) Manuel Akanji
48%
ASM Belfort 🇫🇷(2009-2012) FC Mulhouse 🇫🇷(2012-2013) RC Strasbourg 🇫🇷(2013-2022) Dimitri Lienard
47%
Vojvodina Novi Sad 🇷🇸 (2006-2010) FC Groningue 🇳🇱(2010-2012) FC Twente 🇳🇱(2012-2014) Southampton FC 🏴󠁧󠁢󠁥󠁮󠁧󠁿 (2014-2018) Ajax Amsterdam 🇳🇱(2018-2020) Dusan Tadic
38%
EA Guingamp 🇫🇷(2014-2019) FC Nantes 🇫🇷(2019-2022) Marcus Coco
34%
Manchester United 🏴󠁧󠁢󠁥󠁮󠁧󠁿 (2008-2014) Preston North End 🏴󠁧󠁢󠁥󠁮󠁧󠁿(2010 en prêt) Sunderland AFC 🏴󠁧󠁢󠁥󠁮󠁧󠁿 (2010-2011 en prêt) Arsenal FC 🏴󠁧󠁢󠁥󠁮󠁧󠁿(2014-2019) Watford FC 🏴󠁧󠁢󠁥󠁮󠁧󠁿(2019-2020) Brighton 🏴󠁧󠁢󠁥󠁮󠁧󠁿(2020-2022) Danny Welbeck
32%
FC Twente 🇳🇱(2012-2014) Go Ahead Eagles 🇳🇱(2012-2013) Spartak Moscou 🇷🇺(2014-2018) Séville FC 🇪🇸(2018-2019) Ajax Amsterdam🇳🇱 (2019-2021) Spartak Moscou 🇷🇺(2021-2022) Quincy Promes
29%
Évian Thonon Gaillard 🇫🇷 (2013-2015) FC Nantes 🇫🇷 (2015-2016) Girondins de Bordeaux 🇫🇷(2016-2021) Bétis Seville 🇪🇸(2021-2022) Youssouf Sabaly
26%
Aalborg BK 🇩🇰(2016-2017) KRC Genk 🇧🇪 (2017-2020) Atalanta Bergame 🇮🇹(2021-2022) Joakim Maehle
24%
FK Kauno Zalgiris 🇱🇹(2017) FK Riteriai 🇱🇹(2019-2020) KV Courtrai 🇧🇪(2020) FC Lorient 🇫🇷(2020-2022) Terem Moffi
24%
Aucun quiz correspondant
Distribution des résultats
% des personnes avec chaque résultat
Percentile par nombre de réponses
Votre historique - résultats
Vous n’avez pas pris ce quiz